00919nam a22001697a 450000500170000000800410001705000340005810000260009224501150011826000350023330000190026850000400028765001690032794200130049699900190050995202210052820260515110201.0260515b |||||||| |||| 00| 0 eng d aTHE LB 2831 .T3 A74 2026bC.1 aArende, Erasto George aStrategic Staffing in the Provision of Quality Education in Public Primary Schools in Bunda District, Tanzania aKisii bKisii Universityc2026 axv, 107p.:ill. aIncludes bibliographical references a1. School personnel management - Tanzania - Bunda District. 2. Education quality - Tanzania - Primary education. 3. Teacher allocation - Tanzania - Primary Schools. 2lcccREF c217155d217155 00102lcc40708SC9377499aKSULbKSULd2026-05-15i113335l0oStaffing in the Provision of Quality Education in Public Primary Schools in Bunda District, TanzaniapA002062r2026-05-15 11:04:18tC.1w2026-05-15yREF